Loading...
| Science - Chemistry | 0 | 5 | 1 | 1 | 45 | 75 | 103.00 | 1 | 3 |
| Science - Physics | 0 | 3 | 0 | 0 | 30 | 72 | 98.67 | 0 | 3 |
| Geography | 1 | 1 | 0 | 0 | 25 | 32 | 51.00 | 1 | 2 |
| History - World History | 1 | 1 | 0 | 0 | 25 | 41 | 68.50 | 0 | 1 |
| Science - Biology | 0 | 3 | 2 | 0 | 20 | 80 | 89.00 | 0 | 2 |
| Science - Other Science | 0 | 2 | 0 | 0 | 20 | 68 | 87.00 | 1 | 2 |
| Auditory Arts | 0 | 2 | 1 | 1 | 15 | 85 | 108.00 | 0 | 2 |
| Social Science | 0 | 2 | 1 | 0 | 15 | 90 | 103.50 | 0 | 2 |
| Literature - World Literature | 0 | 1 | 0 | 0 | 10 | 77 | 77.00 | 0 | 0 |
| History - Ancient History | 0 | 1 | 0 | 1 | 10 | 125 | 125.00 | 0 | 1 |
| Fine Arts - Other Arts | 0 | 1 | 1 | 0 | 5 | 102 | 102.00 | 0 | 1 |
| Beliefs | 0 | 1 | 1 | 0 | 5 | 128 | 128.00 | 0 | 0 |
| Philosophy | 0 | 1 | 1 | 1 | 5 | 115 | 115.00 | 0 | 0 |